00464nam a22001217a 4500100002900000245009300029260003000122300001100152700004100163942001100204999001700215952011000232 aMuhammad Zeeshana13ME36 aAnalysis of Flue Gas of Diesel Engine by Designing and Developing A Heat recovery System aNawabshah:bQUEST,c2016. a45p. ; aDepartment of Mechanical Engineering cTHESIS c57540d57537 00104070aQUESTCLbRESEARCHd2017-03-29l0o13ME36pMEP/28-365r2017-03-29 00:00:00w2017-03-29yTHESIS